000 01134nam a22002535i 4500
001 156262
003 ES-MaACL
005 20250807122722.0
008 040818m18981903sp |||| | spa d
040 _aCAM
_bspa
_cCAM
100 1 _aJanssens, Raymond.
_9128273
245 1 0 _aSupplément aux principes de droit civil français de François Laurent /
_cpar Raymond Janssens, Jean Servais [et] Paul Leclercq.
260 _aBruxelles :
_bBruylant-Christophe & Cie. ;
_aParis :
_blibraire A. Marescq, Ainé,
_c1898-1903.
300 _a8 v. ;
_c23 cm.
594 _aEl autor de los suplementos de los t. II-VIII es León Siville.
597 _aT.I. 1898 (575 p.) -- T. II. 1901 (583 p.) -- T.III. 1902 (517 p.) -- T.IV. 1903 (531 p.) -- T.V. 1902 (505 p.) -- T.VI. 1903 (618 p.) -- T.VII. 1903 (555 p.) -- T.VIII. 1903 (508 p.)
650 0 4 _aDerecho civil-
_zFrancia.
_911665
700 1 1 _aServais, Jean.
_9132684
700 1 1 _aLeclercq, Paul.
_9128818
700 1 1 _aSiville, Léon.
_9132778
700 1 _aLaurent, François,
_d1810-1887
_9128741
852 _aES-MaACL
_jF-14224-14231
_z-- Enc. hol.
999 _c156262
_d156262